| 000 | 00677nam a22001937a 4500 | ||
|---|---|---|---|
| 003 | BD-DhJNU | ||
| 005 | 20250727061848.0 | ||
| 008 | 250727b |||||||| |||| 00| 0 eng d | ||
| 040 |
_aBD-DhJNU _bENG _cBD-DhJNU _dBD-DhJNU |
||
| 082 |
_223 _a973.3 BAN |
||
| 100 | _aBartlett, Richard A. | ||
| 245 |
_aNew country : _ba social history of the American Frontier, 1776-1890 / _cRichard A. Bartlett |
||
| 260 |
_aNew Delhi : _bTata McGraw-Hill Publishing, _c1974. |
||
| 300 |
_aviii, 487p. : _bill. ; _c21 cm. |
||
| 504 | _aIncludes bibliographies and index | ||
| 650 | _a Vida de pioneros | ||
| 650 |
_aEstados Unidos _xCondiciones sociales _y Siglos XVII-XIX |
||
| 942 |
_2ddc _cBK _n0 |
||
| 999 |
_c1944 _d1944 |
||